000 01548nam a2200385 a 4500
001 000115078
003 CHAP
005 20220329144514.0
008 180927s2018 mx a sm |||||||spa d
010 _a111539
011 _a112511
040 _cCHAP
090 _aTesis
100 1 _aJuárez Patiño, Wenceslao.
_9135899
245 1 0 _aManejo integrado de plagas y enfermedades en el cultivo de jitomate (Solanum lycopersicum) en invernaderos de mediana-alta tecnología /
_h[En línea]
_cpor Wenceslao Juárez Patiño y Godofredo Gómez Juárez.
260 _aChapingo, Méx. :
_bEl autor,
_c2018.
500 _aPara ver el contenido del material haga clic en la liga
502 _aTesis (Ing. Agr. Esp. en Parasitología Agrícola) -- UACH. Departamento de Parasitología Agrícola
590 _aBATCH-UPD
_b10
_c20190603
_lUCH01
_h1441
590 _aE11695DGD
_b10
_c20190603
_lUCH01
_h1440
590 _aE8697GMM
_b05
_c20180927
_lUCH01
_h1136
590 _aE8697GMM
_b05
_c20180927
_lUCH01
_h1139
590 _aE8697GMM
_b05
_c20180927
_lUCH01
_h1447
590 _aE8697GMM
_b05
_c20181130
_lUCH01
_h1130
590 _aE8697GMM
_b05
_c20190516
_lUCH01
_h1345
650 1 4 _aInvernaderos
_xAutomatización.
_960174
650 1 4 _aTemperatura
_xEfecto en tomate.
_9112226
650 1 4 _aTomate
_xCultivos en invernadero.
_9113704
650 1 4 _aTomate
_xPlagas.
_9113748
700 1 _aGómez Juárez, Godofredo.
_9135900
856 _aFinding aid
_uhttp://10.13.5.2/tesis/sist115078.pdf
_zTeclea aquí
901 _aBK
942 _cTESIS
942 _n0
999 _c111539
_d111539